Religion Quiz

Random Religion or Islam Quiz
Score 0/36 Timer 10:00
5 Plays Today
Clue 'B' Word or Name % Correct
A book of holy texts. In the Christian faith, it contains Old and New Testament sections.Bible
90.3%
John the _______ 'prepared the way' for Jesus, but was eventually beheaded by Herod Antipas.Baptist
85.8%
Meaning 'son/daughter of the commandment', this ritual for Jewish youths occurs when the boy/girl has reached the age of religious responsibility (answer for either boy or girl)Bar or Bat Mitzvah
78.9%
Birthplace of Jesus.Bethlehem
77.4%
In Catholic and Orthodox churches, this ordained clergyman ranks above a priest; in some Protestant sects, he is an elder; in the Mormon Church, he is the leader of a congregation.Bishop
76.7%
Siddhartha Gautama is also known by this name, meaning 'awakened one' or 'enlightened one'; his teachings became the foundation for one of the world's major religions.Buddha
76.6%
According to Genesis, after building this tower, the people began speaking in different languages.Babel
71.2%
A sacrament or ceremony ritually using water where the recipient (often a baby) is admitted into the Christian community.Baptism
71.1%
There have been 16 popes with this name, including the one preceding the current Pope Francis.Benedict
65.8%
The act of swearing in the name of God; the act of speaking sacrilegiously about God or sacred things.Blasphemy
59.9%
Made holy; consecrated.Blessed
53.9%
Roman god (equivalent of Dionysus) of wine and merry making.Bacchus
53.5%
King David fell in love with her while she was wife to Uriah the Hittite; she is the mother of King Solomon.Bathsheba
51.8%
Some Christians refer to themselves as this type, whereby they repented of their sins and professed that Jesus is their Savior.Born again
51.6%
A world religion founded in 1844 by The Báb, who foretold the coming of the prophet Bahá'u'lláh.Bahá’í Faith
51.3%
The 12th and youngest son of Jacob; Rachel's second son.Benjamin
50.2%
One of the 12 apostles, he was also known as Nathaniel.Bartholomew
43.3%
'Blessed are the merciful, for they will be shown mercy' is one of this set of teachings from Jesus' Sermon on the Mount.Beatitudes
41.1%
Clue 'B' Word or Name % Correct
The Jewish rite of circumcision performed on a male child on the eighth day of his life.Bris
40.2%
The Hindu God of creation and member of the Hindu trinity of deities (with Shiva and Vishnu).Brahma
35.5%
Synonym for duotheist; a person who believes that there are two deities, typically one female and one male, or one all good and the other all bad.Bitheist
34.9%
One of four texts considered to be divinely inspired scripture by the Church of Jesus Christ of Latter-day Saints.Book of Mormon
29.3%
A sect that split from the Seventh Day Adventists. David Koresh became leader of one group, which had a standoff with Federal authorities in Waco, TX in 1993.Branch Davidians
26.9%
A papal statement in which the Pope speaks 'ex cathedra' on a matter of belief or morality.Bull (from the Latin bulla, meaning seal)
25.2%
According to Revelation, this tome contains the written names of people who have been or will be saved.Book of Life
24%
Semitic title meaning 'master' or 'lord' used for any of various ancient gods of the Middle East and Asia Minor.Baʿal
23.5%
Study of the Bible and its doctrines.Bibliology
22.1%
This phrase refers to the time period in Israel's history when Jews were taken captive by King Nebuchadnezzar II following the conquest of the ancient Kingdom of Judah.Babylonian Captivity or Babylonian Exile
21.4%
For Wiccans and Neopagans, May 1 is this day, originally a Gaelic holiday to celebrate fertility, fire, and abundance.Beltane
10.9%
African American nationalist organizations, which include the Nation of Islam, the American Society of Muslims, & others.Black Muslims
10.2%
An Arabic word used by Muslims to refer to the phrase 'In the name of God, Most Gracious, Most Merciful.'Basmala
10.1%
The state of enlightenment attained by a Buddhist who has practiced the Eightfold Path and achieved salvation.Bodhi
8.7%
A day when Japanese Buddhists and followers of Shinto honor the souls of their ancestors.Bon Festival (aka Obon)
7.2%
A harvest festival of Punjab, it is celebrated by the Sikh community; also known as Vaisakhi.Baisakhi
5.1%
A Hindu expression of devotion.Bhakti
5.1%
A Hindu devotional song with no fixed form; it can be as simple as a mantra or more complex.Bhajan
4.4%

You're not logged in!

Compare scores with friends on all Sporcle quizzes.
OR
Log In

Sporcle TV

Today on Sporcle TV


Watch our educational content, quiz creation guides, and fun videos on Sporcle TV.

Show Comments

Extras

Top Quizzes Today


Score Distribution

Paid Content

Your Account Isn't Verified!

In order to create a playlist on Sporcle, you need to verify the email address you used during registration. Go to your Sporcle Settings to finish the process.

Report this User

Report this user for behavior that violates our Community Guidelines.

Details: